Current investigations in gynecology and obstetrics/ (Record no. 3452)
[ view plain ]
| 000 -LEADER | |
|---|---|
| fixed length control field | 00574nam a2200181 4500 |
| 003 - CONTROL NUMBER IDENTIFIER | |
| control field | OSt |
| 005 - DATE AND TIME OF LATEST TRANSACTION | |
| control field | 20211116060228.0 |
| 008 - FIXED-LENGTH DATA ELEMENTS--GENERAL INFORMATION | |
| fixed length control field | 211116b ||||| |||| 00| 0 eng d |
| 020 ## - INTERNATIONAL STANDARD BOOK NUMBER | |
| International Standard Book Number | 1850705178 |
| 040 ## - CATALOGING SOURCE | |
| Transcribing agency | Alupe University |
| 050 ## - LIBRARY OF CONGRESS CALL NUMBER | |
| Classification number | RG 31 |
| Item number | .C87 1993 |
| 245 ## - TITLE STATEMENT | |
| Title | Current investigations in gynecology and obstetrics/ |
| Statement of responsibility, etc. | edited by A.R Genazzani, G.D'Ambrogio and P.G. Artini. |
| 260 ## - PUBLICATION, DISTRIBUTION, ETC. | |
| Place of publication, distribution, etc. | New York : |
| Name of publisher, distributor, etc. | The parthenon publishing group, |
| Date of publication, distribution, etc. | c1993 |
| 300 ## - PHYSICAL DESCRIPTION | |
| Extent | 662 p . : |
| Other physical details | ill |
| Dimensions | 20 cm |
| 504 ## - BIBLIOGRAPHY, ETC. NOTE | |
| Bibliography, etc. note | Includes index |
| 650 ## - SUBJECT ADDED ENTRY--TOPICAL TERM | |
| Topical term or geographic name entry element | Fertility in women |
| 942 ## - ADDED ENTRY ELEMENTS (KOHA) | |
| Source of classification or shelving scheme | |
| Koha item type | Book |
| Suppress in OPAC | SO |
| Withdrawn status | Lost status | Source of classification or shelving scheme | Damaged status | Not for loan | Permanent Location | Current Location | Shelving location | Date acquired | Source of acquisition | Total Checkouts | Full call number | Barcode | Date last seen | Copy number | Price effective from | Koha item type | Public note |
|---|---|---|---|---|---|---|---|---|---|---|---|---|---|---|---|---|---|
| AU LIBRARY | AU LIBRARY | Open Shelf | 16.11.2021 | DONATION FROM MOI UNIVERSITY | RG 31 .C87 1993 C1 | 28004746 | 16.11.2021 | 1 | 16.11.2021 | Book | SO | ||||||
| AU LIBRARY | AU LIBRARY | Open Shelf | 23.11.2021 | DONATION FROM MOI UNIVERSITY | RG 31 .C87 1993 C2 | 28004783 | 23.11.2021 | 2 | 23.11.2021 | Book | MM |